Sports Quiz

Random Sports or NCAA Quiz

Notre Dame Football Opponents (2000-) Quiz Stats

 Plays Quiz Updated Jan 27, 2019

Score 0/238 Timer 08:00
0 Plays Today
Year Opponent % Correct
2002 (10-3)Michigan
96.8%
2003 (5-7)Michigan
96.8%
2004 (6-6)Michigan
96.8%
2005 (9-3)Michigan
96.8%
2006 (10-3)Michigan
96.8%
2007 (3-9)Michigan
96.8%
2008 (7-6)Michigan
96.8%
2009 (6-6)Michigan
96.8%
2010 (8-5)Michigan
96.8%
2012 (12-1)Michigan
96.2%
2000 (9-3)USC
95.8%
2001 (5-6)USC
95.8%
2002 (10-3)USC
95.8%
2003 (5-7)USC
95.8%
2004 (6-6)USC
95.8%
2006 (10-3)USC
95.8%
2007 (3-9)USC
95.8%
2010 (8-5)USC
95.8%
2005 (9-3)USC
95.8%
2008 (7-6)USC
95.8%
2009 (6-6)USC
95.8%
2012 (12-1)USC
95.2%
2000 (9-3)Michigan State
94.4%
2001 (5-6)Michigan State
94.4%
2002 (10-3)Michigan State
94.4%
2003 (5-7)Michigan State
94.4%
2005 (9-3)Michigan State
94.4%
2006 (10-3)Michigan State
94.4%
2007 (3-9)Michigan State
94.4%
2008 (7-6)Michigan State
94.4%
2009 (6-6)Michigan State
94.4%
2010 (8-5)Michigan State
94.4%
2013 (9-4)Michigan
94.2%
2012 (12-1)Michigan State
93.8%
2018 (12-1)Michigan
93.6%
2014 (8-5)Michigan
93.3%
2013 (9-4)USC
92.8%
2017 (10-3)USC
92.5%
2018 (12-1)USC
92.4%
2014 (8-5)USC
91.8%
2015 (10-3)USC
91.8%
2012 (12-1)Alabama
91.6%
2016 (4-8)USC
91.3%
2013 (9-4)Michigan State
91.2%
2004 (6-6)Michigan State
91.1%
2000 (9-3)Navy
90.5%
2001 (5-6)Navy
90.5%
2002 (10-3)Navy
90.5%
2003 (5-7)Navy
90.5%
2006 (10-3)Navy
90.5%
2005 (9-3)Navy
90.5%
2007 (3-9)Navy
90.5%
2008 (7-6)Navy
90.5%
2009 (6-6)Navy
90.5%
2004 (6-6)Navy
90.5%
2010 (8-5)Navy
90.5%
2017 (10-3)Michigan State
90.2%
2012 (12-1)Navy
89.8%
2016 (4-8)Michigan State
89.6%
2016 (4-8)Texas
89.4%
2015 (10-3)Texas
88.9%
2006 (10-3)Army
88.4%
2010 (8-5)Army
88.4%
2005 (9-3)Ohio State
88.2%
2018 (12-1)Clemson
88.1%
2011 (8-5)Florida State
87.9%
2015 (10-3)Ohio State
87.8%
2018 (12-1)Florida State
87.6%
2002 (10-3)Florida State
87.3%
2003 (5-7)Florida State
87.3%
2013 (9-4)Navy
86.8%
2017 (10-3)Miami (OH)
85.7%
2017 (10-3)Miami
85.7%
2010 (8-5)Miami
85.7%
2012 (12-1)Stanford
85.6%
2017 (10-3)Georgia
85.5%
2016 (4-8)Miami
85.1%
2014 (8-5)Navy
85%
2015 (10-3)Navy
85%
2012 (12-1)Miami
85%
Year Opponent % Correct
2004 (6-6)Stanford
84.9%
2005 (9-3)Stanford
84.9%
2006 (10-3)Stanford
84.9%
2008 (7-6)Stanford
84.9%
2009 (6-6)Stanford
84.9%
2000 (9-3)Stanford
84.9%
2001 (5-6)Stanford
84.9%
2002 (10-3)Stanford
84.9%
2003 (5-7)Stanford
84.9%
2010 (8-5)Stanford
84.9%
2007 (3-9)Stanford
84.9%
2017 (10-3)Navy
84.9%
2016 (4-8)Navy
84.4%
2018 (12-1)Navy
83.9%
2017 (10-3)Stanford
83.5%
2013 (9-4)Stanford
83.4%
2012 (12-1)Oklahoma
83.3%
2016 (4-8)Army
82.6%
2014 (8-5)Stanford
82.5%
2015 (10-3)Stanford
82.5%
2014 (8-5)Florida State
82.4%
2017 (10-3)North Carolina
82.1%
2016 (4-8)Stanford
81.9%
2017 (10-3)LSU
81.8%
2018 (12-1)Stanford
81.7%
2000 (9-3)Purdue
81.2%
2005 (9-3)Purdue
81.2%
2010 (8-5)Purdue
81.2%
2001 (5-6)Purdue
81.2%
2002 (10-3)Purdue
81.2%
2003 (5-7)Purdue
81.2%
2004 (6-6)Purdue
81.2%
2006 (10-3)Purdue
81.2%
2007 (3-9)Purdue
81.2%
2008 (7-6)Purdue
81.2%
2009 (6-6)Purdue
81.2%
2011 (8-5)Michigan
80.9%
2012 (12-1)Purdue
80.7%
2011 (8-5)USC
79.8%
2013 (9-4)Oklahoma
79.7%
2011 (8-5)Michigan State
79%
2006 (10-3)Air Force
78.7%
2002 (10-3)Air Force
78.7%
2000 (9-3)Air Force
78.7%
2007 (3-9)Air Force
78.7%
2006 (10-3)Penn State
78.7%
2007 (3-9)Penn State
78.7%
2015 (10-3)Clemson
78%
2006 (10-3)LSU
77.8%
2006 (10-3)UCLA
77.6%
2007 (3-9)UCLA
77.6%
2013 (9-4)Purdue
77.4%
2004 (6-6)Pittsburgh
76.8%
2005 (9-3)Pittsburgh
76.8%
2001 (5-6)Pittsburgh
76.8%
2002 (10-3)Pittsburgh
76.8%
2003 (5-7)Pittsburgh
76.8%
2008 (7-6)Pittsburgh
76.8%
2009 (6-6)Pittsburgh
76.8%
2010 (8-5)Pittsburgh
76.8%
2012 (12-1)Pittsburgh
76.7%
2018 (12-1)Syracuse
76.5%
2004 (6-6)Washington
76.4%
2005 (9-3)Washington
76.4%
2008 (7-6)Washington
76.4%
2009 (6-6)Washington
76.4%
2007 (3-9)Boston College
76.4%
2008 (7-6)Boston College
76.4%
2015 (10-3)Virginia
76.4%
2004 (6-6)Boston College
76.4%
2009 (6-6)Boston College
76.4%
2010 (8-5)Boston College
76.4%
2000 (9-3)Boston College
76.4%
2001 (5-6)Boston College
76.4%
2002 (10-3)Boston College
76.4%
2003 (5-7)Boston College
76.4%
2006 (10-3)North Carolina
76.2%
2008 (7-6)North Carolina
76.2%
2012 (12-1)Boston College
76.2%
2018 (12-1)Pittsburgh
75.6%
Year Opponent % Correct
2014 (8-5)Purdue
75.3%
2017 (10-3)Boston College
75.3%
2011 (8-5)Navy
75%
2013 (9-4)Pittsburgh
74.8%
2013 (9-4)Air Force
74.2%
2018 (12-1)Virginia Tech
73.8%
2014 (8-5)Syracuse
73.6%
2016 (4-8)Syracuse
73.6%
2015 (10-3)Pittsburgh
73.6%
2016 (4-8)Duke
73.2%
2015 (10-3)Georgia Tech
72.7%
2017 (10-3)North Carolina State
71.2%
2011 (8-5)Stanford
71.2%
2016 (4-8)Virginia Tech
70.7%
2008 (7-6)Syracuse
70.3%
2005 (9-3)Syracuse
70.3%
2003 (5-7)Syracuse
70.3%
2000 (9-3)Oregon State
70.2%
2004 (6-6)Oregon State
70.2%
2006 (10-3)Georgia Tech
69.4%
2007 (3-9)Georgia Tech
69.4%
2015 (10-3)Boston College
68.9%
2013 (9-4)Arizona State
68.9%
2014 (8-5)North Carolina
68.4%
2011 (8-5)Purdue
68.2%
2012 (12-1)BYU
68.1%
2014 (8-5)Arizona State
67.4%
2001 (5-6)Tennessee
67.3%
2004 (6-6)Tennessee
67.3%
2005 (9-3)Tennessee
67.3%
2014 (8-5)Louisiana State
67.3%
2003 (5-7)BYU
67.2%
2005 (9-3)BYU
67.2%
2004 (6-6)BYU
67.2%
2000 (9-3)Nebraska
67%
2001 (5-6)Nebraska
67%
2011 (8-5)Air Force
66%
2018 (12-1)Northwestern
65.9%
2018 (12-1)Wake Forest
65.2%
2003 (5-7)Washington State
65.1%
2009 (6-6)Washington State
65.1%
2013 (9-4)BYU
64.8%
2011 (8-5)Pittsburgh
64.8%
2017 (10-3)Wake Forest
64.7%
2007 (3-9)Duke
64.2%
2000 (9-3)Texas A&M
63.6%
2001 (5-6)Texas A&M
63.6%
2011 (8-5)Boston College
63.4%
2010 (8-5)Utah
63.4%
2002 (10-3)Maryland
62.9%
2013 (9-4)Rutgers
62.3%
2014 (8-5)Northwestern
61.5%
2015 (10-3)Wake Forest
60.9%
2014 (8-5)Louisville
60.7%
2016 (4-8)North Carolina State
60.4%
2000 (9-3)Rutgers
59%
2002 (10-3)Rutgers
59%
2002 (10-3)North Carolina State
58.2%
2000 (9-3)West Virginia
57.9%
2001 (5-6)West Virginia
57.9%
2018 (12-1)Vanderbilt
57.3%
2012 (12-1)Wake Forest
55.8%
2009 (6-6)Connecticut
53.9%
2008 (7-6)Hawaii
52.7%
2011 (8-5)Maryland
52.5%
2017 (10-3)Temple
50.8%
2015 (10-3)Temple
50.3%
2013 (9-4)Temple
49.8%
2016 (4-8)Nevada
47.4%
2011 (8-5)Wake Forest
46.6%
2018 (12-1)Ball State
45.9%
2009 (6-6)Nevada
42.2%
2014 (8-5)Rice
37.3%
2011 (8-5)South Florida
37.3%
2010 (8-5)Tulsa
35.4%
2008 (7-6)San Diego State
33.6%
2010 (8-5)Western Michigan
32.7%
2015 (10-3)Massachusetts
19.6%

You're not logged in!

Compare scores with friends on all Sporcle quizzes.
OR
Log In

Show Comments

Extras

Top Quizzes Today


Score Distribution

Your Account Isn't Verified!

In order to create a playlist on Sporcle, you need to verify the email address you used during registration. Go to your Sporcle Settings to finish the process.

Report this User

Report this user for behavior that violates our Community Guidelines.

Details: